| 000 | 00887nam a2200229Ia 4500 | ||
|---|---|---|---|
| 001 | 16792 | ||
| 005 | 20260330161310.0 | ||
| 008 | 260306t2009||||xx |||||||||||||| ||und|| | ||
| 041 | _aESP | ||
| 082 |
_a657 _bF47P |
||
| 100 |
_aFierro M., Angel María _eAUT |
||
| 245 | 0 | _aContabilidad de pasivos | |
| 260 | _c2009 | ||
| 300 |
_axi, 287 páginas : _c24 cm. |
||
| 650 | _aGEN | ||
| 654 | _aCCO | ||
| 856 |
_uhttps://itmsp.museknowledge.com/UCSP?url=https://www.ebooks7-24.com:443/?il=3740&pg=1 _zVersión digital (2016) |
||
| 856 |
_uhttps://0u213upjo-y-https-ebooks7--24-com.itmsp.museknowledge.com/biblioteca.aspx _zVéase además: Base de datos Ebook7-24 |
||
| 856 |
_uhttps://www.legismovil.pe/lnp.asp _zVéase además: Base de datos Legis Móvil |
||
| 856 |
_uhttps://legal.legis.com.pe/home/Corporativo _zVéase además: Base de datos Multilegis |
||
| 942 |
_cLIB _dJUS _fJUS _2ddc |
||
| 999 |
_c16792 _d16792 |
||